000 01151nam a2200217Ia 4500
003 Ost
005 20260416102357.0
008 260416s9999||||xx |||||||||||||| ||und||
040 _cfsecg
041 _aara
082 _a301.14
100 _aحواس، مولود
_eمؤلف
245 0 _aمحاضرات في مقياس الاتصال :
_bمطبوعة موجهة لطلبة السنة الثالثة علوم تجارية : تخصص تسويق /
_c مولود حواس
260 _aالجزائر
_bجامعة الجزائر3: كلية العلوم الإقتصادية، العلوم التجارية وعلوم التسيير
_c2021
300 _a145 ورقة
_c30 سم
504 _aمراجع ص.136
520 _aأساسيات الاتصال ، الاتصال التسويقي ، مزيج الاتصال التسويقي ، الاتصالات التسويقية المتكاملة، الاتصالات الالكترونية
653 _aالاتصال
710 _aجامعة الجزائر3: كلية العلوم الإقتصادية، العلوم التجارية وعلوم التسيير
_eناشر علمي
942 _cHANDOUT
999 _c41259
_d41259